1278 1106 1362 1051 1540 1924 1447 1990 1331 1649 1062 1613 1255 1243 1231 1744 1779 1147 1890 1596 1537 1453 1753 1131 1817 1446 1128 1564 1053 1894 1201 1794 1487 1121 1139 1806 1237 1660 1700 1074 1572 1396 1581 1083 1767 1919 1615 1948 1654 1477 1788 1469 1540 1015 1920 1757 1612 1191 1113 1827 1252 1849 1459 1968 1866 1905 1728 1678 1502 1508 1785 1914 1419 1589 1380 1412 1161 1499 1056 1732 1913 1576 1010 1908 1948 1935 1682 1127 1955 1633 1132 1968 1306 1914 1934 1285 1282 1486 1115 BCNSPRNW ULIB Ver.6.0+V

เปลี่ยนเป็นภาษาไทย

Change to English
 แสดงรายละเอียดบรรณานุกรม
  กลับหน้าหลัก

Brief Record : Get Marc (ISO 2709) : E-mail record : QR code < ปิดหน้าต่าง
LEADER : 00000nam 2200000uu 4500
001    13399125075
003     ULIB
008    160610s2558||||th 000 0 tha d
020    ^a9786162234798
060 04 ^aWB100^bก425อ
100 0  ^aกาญจนา จันทร์สูง,^eบรรณาธิการ
245 00 ^aอาการวิทยาทางอายุรศาสตร์ =^bSymptomatology in generalmedicine. /^cบรรณาธิการ, กาญจนา จันทร์สูง และ ประณิธิ หงสประภาส
246 31 ^aSymptomatology in general medicine.
250    ^aพิมพ์ครั้งที่ 3
260    ^aขอนแก่น :^bคณะแพทยศาสตร์ มหาวิทยาลัยขอนแก่น,^c2558
300    ^a510 หน้า :^bภาพประกอบ
504    ^aบรรณานุกรม
650  4 ^aอายุรศาสตร์^vรวมเรื่อง
650  0 ^aการพยาบาลผู้ใหญ่
700 0  ^aประณิธิ หงสประภาส,^eบรรณาธิการ
710 2  ^aมหาวิทยาลัยขอนแก่น. ^bคณะแพทยศาสตร์
945    ^p500^l0^i001270
945    ^p500^l0^i001271
945    ^p500^l0^i001272
999    ^aเกษร โพธิ์สุวรรณ
รายการนี้ยังไม่มีแท็ก
คุณยังไม่ได้ล็อกอิน คุณสามารถมีกิจกรรมร่วมกับเว็บไซต์ได้ แต่ต้องล็อกอินก่อน ::
  ล็อกอิน

รายการสื่อสารสนเทศ

ลำดับที่ ประเภท เลขเรียก/บาร์โค้ด สถานที่ สถานะ
1. วิทยาศาสตร์การแพทย์ และสุขภาพ
วิทยาศาสตร์การแพทย์ และสุขภาพ
สถานะ=หนังสือเก่า
WB100 ก425อ ฉ.1 
  Barcode: 001270
ห้องสมุดวิทยาเขตสวรรค์ประชารักษ์
►ส่วนจัดเก็บหนังสือเก่า สปร
บนชั้น
  ขอยืม
2. วิทยาศาสตร์การแพทย์ และสุขภาพ
วิทยาศาสตร์การแพทย์ และสุขภาพ
สถานะ=หนังสือเก่า
WB100 ก425อ ฉ.2 
  Barcode: 001271
ห้องสมุดวิทยาเขตสวรรค์ประชารักษ์
►ส่วนจัดเก็บหนังสือเก่า สปร
บนชั้น
  ขอยืม
3. วิทยาศาสตร์การแพทย์ และสุขภาพ
วิทยาศาสตร์การแพทย์ และสุขภาพ
สถานะ=หนังสือเก่า
WB100 ก425อ ฉ.3 
  Barcode: 001272
ห้องสมุดวิทยาเขตสวรรค์ประชารักษ์
►ส่วนจัดเก็บหนังสือเก่า สปร
บนชั้น
  ขอยืม

รายการใกล้เคียง
    หัวเรื่อง [การพยาบาลผู้ใหญ่]

BibComment


ยังไม่เคยถูกคอมเมนท์

คอมเมนท์ทรัพยากรรายการนี้
  คอมเมนท์: อาการวิทยาทางอาย..


 Copyright 2026. Bcnsprnw @Library